| 000 | 00767nam a2200277 a 4500 | ||
|---|---|---|---|
| 001 | 000110530 | ||
| 003 | CHAP | ||
| 005 | 20220329144137.0 | ||
| 008 | 140908s2009 mx |r| |||0|||spa d | ||
| 010 | _a106992 | ||
| 011 | _a107964 | ||
| 020 | _a9687871733 | ||
| 040 | _cCHAP | ||
| 082 | 0 | 4 |
_a863 _bF36 |
| 100 | 1 |
_aFernández Tappan, Jorge _9128321 |
|
| 245 | 1 | 0 |
_aTiempo de mambo : _bquasiuna fantasia / _cJorge Fernández Tappan. |
| 260 |
_aYucatán, Méx : _bInstituto de Cultura de Yucatán, _c2009. |
||
| 300 | _a97 p. | ||
| 590 |
_aE11695DGD _b10 _c20140909 _lUCH01 _h1456 |
||
| 590 |
_aE5652GLJ _b05 _c20140908 _lUCH01 _h1412 |
||
| 650 | 1 | 4 |
_aLiteratura mexicana. _967138 |
| 650 | 1 | 4 |
_aLiteratura. _967113 |
| 901 | _aBK | ||
| 942 | _cLIBRO | ||
| 942 | _n0 | ||
| 999 |
_c106992 _d106992 |
||